00703nam a2200229Ia 45000010006000000050017000060070003000230080041000260400025000670410008000920820022001001000018001222450054001402500014001942600041002083000018002496530029002676530014002969420012003109520134003229990017004562741120240114001003.0ta060524s g b000 u 465 u aCotton College,Assam a465 a821.8209bSk 26 R aSkemp, A.R. . 0aRobert Browning /cA.R. Skemp.hTextual Documents a1st ed. / aLondon :bDodge Publishing Co ,cnd. a93p. ;c17cm. aEnglish poetry-Criticism aG-English 2ddccBK 001040708Circulation (G)aSKBLbSKBLd2012-02-01f00000l0o821.8209 Sk 26 Rp1192/Newr2024-01-14 00:00:00t1w2012-02-01yBK c27393d27393